Moratín / (Record no. 46002)

MARC details
000 -LEADER
campo de control de longitud fija 00711nam a2200205 i 4500
001 - NÚMERO DE CONTROL
campo de control 46002
003 - IDENTIFICADOR DE NÚMERO DE CONTROL
campo de control ES-MaACL
005 - FECHA Y HORA DE LA ÚLTIMA TRANSACCIÓN
campo de control 20250829041754.0
007 - CAMPO FIJO DE DESCRIPCIÓN FÍSICA--INFORMACIÓN GENERAL
campo de control de longitud fija t|
008 - DATOS DE LONGITUD FIJA--INFORMACIÓN GENERAL
campo de control de longitud fija 030327s1972 sp ||||1| spa d
100 1# - ENTRADA PRINCIPAL--NOMBRE DE PERSONA
Nombre de persona Conesa Canovas, Leandro.
9 (RLIN) 40166
245 10 - MENCIÓN DEL TÍTULO
Título Moratín /
Mención de responsabilidad, etc. Leandro Conesa Canovas.
260 ## - PUBLICACIÓN, DISTRIBUCIÓN, ETC.
Lugar de publicación, distribución, etc. Madrid :
Nombre del editor, distribuidor, etc. Epesa [Ediciones y Publicaciones Españolas],
Fecha de publicación, distribución, etc. [1972]
300 ## - DESCRIPCIÓN FÍSICA
Extensión 207 p. ;
Dimensiones 17 cm.
490 1# - MENCIÓN DE SERIE
Mención de serie Grandes escritores contemporáneos ;
Designación de volumen o secuencia 51
600 17 - PUNTO DE ACCESO ADICIONAL DE MATERIA--NOMBRE DE PERSONA
Nombre de persona Fernández de Moratín, Leandro,
Fechas asociadas al nombre 1760-1828-
Subdivisión general Crítica e interpretación
Fuente del encabezamiento o término
9 (RLIN) 143062
830 10 - PUNTO DE ACCESO ADICIONAL DE SERIE-TÍTULO UNIFORME
Título uniforme Grandes escritores contemporáneos (Epesa)
Designación de volumen o secuencia 51
9 (RLIN) 180697
852 ## - LOCALIZACIÓN
Ubicación ES-MaACL
Número de control de estantería C-43898
Holdings
Estatus retirado Estado de pérdida Estado de daño No para préstamo Biblioteca de origen Biblioteca actual Ubicación en estantería Fecha de adquisición Fuente de adquisición Total de préstamos Signatura topográfica completa Código de barras Visto por última vez Precio de reemplazo Tipo de ítem Koha
        Biblioteca del Ateneo de Madrid Biblioteca del Ateneo de Madrid Depósito 2 17/01/2008     C-43898 1048397 23/02/2023 23/02/2023 Libro impreso